000 00876na a2200265 4500
001 18899
003 MIRAKIL
005 20181213155203.0
008 161204b tu 000 0
020 _a9751936314
035 _a18899
040 _aMilas
_btur
_cTR-AnCHP
041 _atur
082 _a324.9561
_bC85 2004
090 _a324.9561 C85 2004
245 _aCumhuriyetten günümüze milletvekili seçimleri
_cT.C. Başbakanlık Devlet İstatistik Enstitüsü
260 _aAnkara
_bT.C. Başbakanlık Devlet İstatistik Enstitüsü
_c2004
300 _axiii, 266 s.
_btbl.;
_c29 sm.
490 _aTürkiye İstatistik Kurumu
_vYayın Numarası: 2927
504 _aKaynakça var.
650 _aSeçimler
_y1923-2002
_zTürkiye
651 _aTürkiye
_xSiyaset ve yönetim
710 _aT.C. Başbakanlık Devlet İstatistik Enstitüsü
942 _2ddc
_cBKS
999 _c8181
_d8181